| 000 -CABECERA |
| Longitud fija campo de control |
00848nam a2200241 a 4500 |
| 001 - NÚMERO DE CONTROL |
| Número de control |
4256 |
| 003 - IDENTIFICADOR DEL NÚMERO DE CONTROL |
| Identificador del número de control |
CDMR |
| 005 - FECHA Y HORA DE LA ÚLTIMA TRANSACCIÓN |
| Fecha y hora de la última transacción |
20131129095401.0 |
| 008 - CÓDIGOS DE INFORMACIÓN DE LONGITUD FIJA |
| Códigos de información de longitud fija |
130130s1991||||||||||||||||||||||||||||d |
| 020 ## - NÚMERO INTERNACIONAL NORMALIZADO PARA LIBROS |
| Número Internacional Normalizado para Libros (ISBN) |
8439317700 |
| 040 ## - FUENTE DE LA CATALOGACIÓN |
| Centro catalogador de origen |
CDMR |
| Lengua de catalogación |
cat |
| Centro transcriptor |
CDMR |
| 245 00 - MENCIÓN DE TÍTULO |
| Título |
Construir l'espai català de comunicació |
| Mención de responsabilidad, etc. |
director Josep Gifreu ; coordinació Maria Corominas |
| 260 ## - PUBLICACIÓN, DISTRIBUCIÓN, ETC. (PIE DE IMPRENTA) |
| Lugar de publicación, distribución, etc. |
Barcelona |
| Fecha de publicación, distribución, etc. |
1991 |
| Nombre del editor, distribuidor, etc. |
Centre d'Investigació de la Comunicació |
| 300 ## - DESCRIPCIÓN FÍSICA |
| Extensión |
295 p. |
| 490 0# - MENCIÓN DE SERIE |
| Mención de serie |
Estudis i Recerques |
| Designación de volumen o secuencia |
5 |
| 650 04 - PUNTO DE ACCESO ADICIONAL DE MATERIA - TÉRMINO DE MATERIA |
| 9 (RLIN) |
1448 |
| Término de materia o nombre geográfico como elemento inicial |
Mitjans de comunicació de massa |
| Subdivisión geográfica |
Catalunya |
| 650 04 - PUNTO DE ACCESO ADICIONAL DE MATERIA - TÉRMINO DE MATERIA |
| 9 (RLIN) |
3377 |
| Término de materia o nombre geográfico como elemento inicial |
Mitjans de comunicació de massa i llenguatge |
| 650 04 - PUNTO DE ACCESO ADICIONAL DE MATERIA - TÉRMINO DE MATERIA |
| 9 (RLIN) |
4398 |
| Término de materia o nombre geográfico como elemento inicial |
Catalunya |
| Subdivisión de materia general |
Política de la comunicació |
| 700 1# - PUNTO DE ACCESO ADICIONAL - NOMBRE DE PERSONA |
| 9 (RLIN) |
366 |
| Nombre de persona |
Gifreu, Josep |
| Término indicativo de función |
dir. |
| 700 1# - PUNTO DE ACCESO ADICIONAL - NOMBRE DE PERSONA |
| 9 (RLIN) |
2139 |
| Nombre de persona |
Corominas, Maria |
| Término indicativo de función |
coor. |
| 710 2# - PUNTO DE ACCESO ADICIONAL - NOMBRE DE ENTIDAD |
| 9 (RLIN) |
304 |
| Nombre de entidad o nombre de jurisdicción como elemento inicial |
Centre d'Investigació de la Comunicació |
| 942 ## - ENTRADA DE ELEMENTOS AGREGADOS (KOHA) |
| Koha [por defecto] tipo de item |
Monografies |
| Fuente de clasificaión o esquema |
|